1970 1865 1138 1854 1016 1935 1087 1252 1081 1286 1695 1386 1315 1596 1436 1981 1619 1118 1147 1393 1735 1196 1572 1777 1096 1402 1318 1085 1888 1704 1907 1730 1528 1283 1821 1840 1003 1379 1485 1229 1218 1373 1420 1168 1140 1632 1556 1573 1211 1759 1532 1588 1635 1112 1122 1702 1974 1876 1534 1702 1917 1721 1697 1557 1149 1940 1915 1218 1495 1669 1672 1958 1446 1039 1879 1655 1075 1268 1668 1680 1140 1499 1147 1603 1047 1260 1643 1365 1051 1069 1146 1726 1099 1995 1819 1585 1294 1012 1801 BCNSPRNW ULIB Ver.6.0+V

เปลี่ยนเป็นภาษาไทย

Change to English
 แสดงรายละเอียดบรรณานุกรม
  กลับหน้าหลัก

Brief Record : Get Marc (ISO 2709) : E-mail record : QR code < ปิดหน้าต่าง
LEADER : 00000nam 2200000uu 4500
001    13399122102
003     ULIB
008    121226s2552||||th 000 0 tha d
020    ^a9786167098029
060 04 ^aWI400^bพ725ก 2552
100 0  ^aพิมลวัลย์ ดีงามสุข
245 10 ^a"กระเพาะอาหาร"อวัยวะที่ไม่ได้มีไว้แค่ย่อยอาหาร/^cพิมพ์ใจ กันต์ดินทร์ทร
260    ^aนนทบุรี :^bฟีลกู๊ด,^c2552
300    ^a208 หน้า :^bภาพประกอบ
650  7 ^aกระเพาะอาหาร
650  7 ^aย่อยอาหาร
945    ^p155^l0^i17808
995    ^aทศพร
999    ^aทศพร เกษรทอง
รายการนี้ยังไม่มีแท็ก
คุณยังไม่ได้ล็อกอิน คุณสามารถมีกิจกรรมร่วมกับเว็บไซต์ได้ แต่ต้องล็อกอินก่อน ::
  ล็อกอิน

รายการสื่อสารสนเทศ

ลำดับที่ ประเภท เลขเรียก/บาร์โค้ด สถานที่ สถานะ
- ไม่พบข้อมูล -

รายการใกล้เคียง
    ผู้แต่ง [พิมลวัลย์ ดีงามสุข]

    หัวเรื่อง [กระเพาะอาหาร]
    หัวเรื่อง [ย่อยอาหาร]

BibComment


ยังไม่เคยถูกคอมเมนท์

คอมเมนท์ทรัพยากรรายการนี้
  คอมเมนท์: กระเพาะอาหารอวัย..


 Copyright 2026. Bcnsprnw @Library